00423nam a2200169Ia 4500003000400000005001700004008004100021020001800062040000700080041000800087082001900095100001800114245005000132260004800182300001500230365000800245OSt20230401114812.0210423s2008 xx 000 0 und d a9780521137546 cAL aeng a820 223bYOUT aYOUNG (Tory). aStudying english literature: practical guide. aNew DelhibCambridge University Pressc2008 axi,172bPB cINR